=LDR 00000nam 2200000 4500 =001 NUTBA000000000001292 =005 20251103012727 =035 ##$$a 0010-041400000000562 =008 251103################a##########0#ind## =082 ##$$a 028.5 =090 ##$$a 028.5 $b nur m =100 ##$$a Nuraisah Hasibuan =245 1#$$a Matemagicaa : $b Belajar Matematika bersama para pesulap /$c Nuraisah Hasibuan =260 ##$$a Jakarta :$b Bumi Aksara,$c 2009 =300 ##$$a 32 hlm. : $b ilus ; $c 26 cm =850 ##$$a NBPBMAT =020 ##$$a 978-979-010-687-1 =084 ##$$a 028.5 NUR m =990 ##$$a 94511/BPAP-NTB/2014 =990 ##$$a 21304410 =990 ##$$a 94635/BPAP-NTB/2014 =990 ##$$a 21400613/BPAP-NTB/20142014 =990 ##$$a 21304411 =990 ##$$a 94511/BPAP-NTB/2014 =990 ##$$a 21304410 =990 ##$$a 21400613/BPAP-NTB/20142014 =990 ##$$a 21304412 =990 ##$$a 94511/BPAP-NTB/2014 =990 ##$$a 21304410 =990 ##$$a 21304411